[Event "CZE-chT 2122"]
[Site "Czech Republic"]
[Date "2022.04.09"]
[Round "14.2"]
[White "Vesely, Martin"]
[Black "Mladek, Richard"]
[Result "0-1"]
[WhiteElo "2063"]
[BlackElo "2365"]
[PlyCount "94"]
[EventDate "2021.10.15"]
[EventType "team-tourn"]
[EventRounds "15"]
[EventCountry "CZE"]
[SourceTitle "EXT 2023"]
[Source "ChessBase"]
[SourceDate "2022.10.05"]
[SourceVersion "1"]
[SourceVersionDate "2022.10.05"]
[SourceQuality "1"]
[WhiteTeam "Ostrava Labortech"]
[BlackTeam "Kromeriz Slavia"]
[WhiteTeamCountry "CZE"]
[BlackTeamCountry "CZE"]

1. d4 d5 2. Nf3 e6 3. c4 a6 4. cxd5 exd5 5. Nc3 c6 6. Bg5 Be7 7. Bxe7 Nxe7 8. e3 0-0 9. Qc2 Bf5 10. Bd3 Bxd3 11. Qxd3 Qd6 12. 0-0 Nd7 13. Rac1 Rfe8 14. Rfd1 Qf6 15. Na4 Nf5 16. Nc5 Nxc5 17. Rxc5 Nd6 18. Rc2 Re7 19. h3 Rae8 20. Ne5 Qg5 21. a4 f6 22. Nf3 Qh5 23. Qa3 Re6 24. Rdc1 g5 25. Qd3 R8e7 26. Nh2 Kg7 27. b4 Qe8 28. Nf1 Qg6 29. Qxg6+ Kxg6 30. Nd2 f5 31. Nf3 Nc4 32. g3 f4 33. gxf4 gxf4 34. exf4 Re4 35. Ne5+ Nxe5 36. fxe5 Rxd4 37. b5 axb5 38. axb5 cxb5 39. Rc5 Rc4 40. R1xc4 bxc4 41. Rxd5 Rc7 42. Rd6+ Kf5 43. e6 c3 44. Rd7 Rc8 45. e7 c2 46. Rd5+ Kf6 47. e8N+ Rxe8 0-1

[Event "CZE-chT1E 1819"]
[Site "Czech Republic"]
[Date "2019.04.07"]
[Round "11.8"]
[White "Tovarek, Antonin1111"]
[Black "Vesely, Martin"]
[Result "1-0"]
[WhiteElo "1985"]
[BlackElo "2074"]
[PlyCount "89"]
[EventDate "2018.10.21"]
[EventType "team-tourn"]
[EventRounds "11"]
[EventCountry "CZE"]
[SourceTitle "EXT 2020"]
[Source "ChessBase"]
[SourceDate "2019.10.17"]
[SourceVersion "1"]
[SourceVersionDate "2019.10.17"]
[SourceQuality "1"]
[WhiteTeam "Jundrov Jezdci"]
[BlackTeam "Ostrava"]
[WhiteTeamCountry "CZE"]
[BlackTeamCountry "CZE"]

1. e4 c5 2. Nf3 Nc6 3. d4 cxd4 4. Nxd4 Nf6 5. Nc3 e5 6. Ndb5 d6 7. Bg5 a6 8. Bxf6 gxf6 9. Na3 b5 10. Nd5 f5 11. Bd3 Be6 12. c4 bxc4 13. Nxc4 Bxd5 14. exd5 Nd4 15. Qa4+ Ke7 16. 0-0 Bg7 17. Ne3 f4 18. Nf5+ Nxf5 19. Bxf5 Kf6 20. Qc2 h5 21. Rfe1 Bh6 22. Bh3 Kg7 23. f3 Bg5 24. Re2 Rb8 25. Rc1 Qb6+ 26. Kh1 Qa5 27. b3 Rb5 28. Qf5 Bf6 29. Qd7 Rd8 30. Qa7 Kg6 31. g3 Rxd5 32. Rg2 Rd2 33. Rcg1 Rxg2 34. Rxg2 Bg5 35. Bf5+ Kxf5 36. Qxf7+ Bf6 37. g4+ hxg4 38. fxg4+ Ke4 39. Qc4+ Ke3 40. Qe2+ Kd4 41. Qc4+ Ke3 42. Re2+ Kf3 43. Qe4+ Kxg4 44. Rg2+ Kh3 45. Qf3+ 1-0

[Event "CZE-chT1E 1819"]
[Site "Czech Republic"]
[Date "2019.02.03"]
[Round "7.8"]
[White "Kostka, Vit"]
[Black "Vesely, Martin"]
[Result "1-0"]
[WhiteElo "2146"]
[BlackElo "2074"]
[PlyCount "61"]
[EventDate "2018.10.21"]
[EventType "team-tourn"]
[EventRounds "11"]
[EventCountry "CZE"]
[SourceTitle "CBM 188 Extra"]
[Source "ChessBase"]
[SourceDate "2019.02.26"]
[SourceVersion "1"]
[SourceVersionDate "2019.02.26"]
[SourceQuality "1"]
[WhiteTeam "Orlova Slavia"]
[BlackTeam "Ostrava"]
[WhiteTeamCountry "CZE"]
[BlackTeamCountry "CZE"]

1. e4 c5 2. Nf3 d6 3. d4 cxd4 4. Nxd4 Nf6 5. Nc3 a6 6. Bg5 Nbd7 7. Qd2 e6 8. Bc4 h6 9. Bxf6 Nxf6 10. Bb3 Be7 11. 0-0-0 0-0 12. Kb1 Qc7 13. g4 b5 14. a3 Bb7 15. Qe2 Rfc8 16. h4 Nh7 17. g5 g6 18. f4 h5 19. f5 gxf5 20. Qxh5 d5 21. g6 fxg6 22. Qxg6+ Kh8 23. Nxe6 Qe5 24. exd5 Rxc3 25. bxc3 Qxc3 26. Ng5 Qg7 27. Nf7+ Kg8 28. Nh6+ Kh8 29. Qxg7+ Kxg7 30. Nxf5+ Kf6 31. Rhf1 1-0

[Event "CZE-chT1E 1819"]
[Site "Czech Republic"]
[Date "2019.01.06"]
[Round "5.8"]
[White "Gnojek, Petr"]
[Black "Vesely, Martin"]
[Result "1-0"]
[WhiteElo "2077"]
[BlackElo "2074"]
[PlyCount "93"]
[EventDate "2018.10.21"]
[EventType "team-tourn"]
[EventRounds "11"]
[EventCountry "CZE"]
[SourceTitle "CBM 188 Extra"]
[Source "ChessBase"]
[SourceDate "2019.02.26"]
[SourceVersion "1"]
[SourceVersionDate "2019.02.26"]
[SourceQuality "1"]
[WhiteTeam "Frydek Mistek II"]
[BlackTeam "Ostrava"]
[WhiteTeamCountry "CZE"]
[BlackTeamCountry "CZE"]

1. d4 Nf6 2. c4 e6 3. Nf3 b6 4. e3 Bb7 5. Bd3 Be7 6. Nc3 d5 7. cxd5 exd5 8. 0-0 0-0 9. Ne5 Nbd7 10. f4 Ne4 11. Nxe4 dxe4 12. Bc4 Nf6 13. b3 Bd5 14. Qc2 c5 15. Bb2 Bxc4 16. bxc4 cxd4 17. Bxd4 Qc7 18. g4 h6 19. g5 hxg5 20. fxg5 Nd7 21. Qxe4 Nxe5 22. Bxe5 Qd7 23. g6 Rae8 24. gxf7+ Rxf7 25. Rxf7 Kxf7 26. Qf3+ Kg8 27. Rd1 Qe6 28. Qd5 Bg5 29. Bf4 Qxd5 30. cxd5 Bxf4 31. exf4 Kf7 32. Kf2 Rh8 33. Kg3 Rc8 34. d6 Ke6 35. Kg4 Kd7 36. Rd2 b5 37. Kf5 Rc1 38. Rd5 Rc2 39. Rxb5 Rxa2 40. Rb7+ Kxd6 41. Rxg7 Rxh2 42. Rxa7 Rf2 43. Rf7 Rf1 44. Kg6 Ke6 45. f5+ Ke5 46. Re7+ Kd6 47. Re2 1-0

[Event "Ostrava Konik op-A"]
[Site "Ostrava"]
[Date "2016.05.03"]
[Round "4"]
[White "Cagara, Paulina"]
[Black "Vesely, Martin"]
[Result "1/2-1/2"]
[WhiteElo "2044"]
[BlackElo "2089"]
[PlyCount "104"]
[EventDate "2016.04.30"]
[EventType "swiss"]
[EventRounds "9"]
[EventCountry "CZE"]
[SourceTitle "CBM 172 Extra"]
[Source "ChessBase"]
[SourceDate "2016.06.21"]
[SourceVersion "1"]
[SourceVersionDate "2016.06.21"]
[SourceQuality "1"]

1. e4 c5 2. Nc3 d6 3. Nf3 Nf6 4. d4 cxd4 5. Nxd4 e5 6. Nb3 Be6 7. Be3 Be7 8. f3 0-0 9. Qd2 d5 10. exd5 Nxd5 11. Nxd5 Qxd5 12. Qxd5 Bxd5 13. 0-0-0 Be6 14. Nc5 Bxc5 15. Bxc5 Rc8 16. Kb1 Nc6 17. c3 Rd8 18. Bb5 a6 19. Ba4 Bf5+ 20. Bc2 Bxc2+ 21. Kxc2 f6 22. Bb6 Rxd1 23. Rxd1 Re8 24. b4 Kf7 25. a4 Ke6 26. Kb3 Re7 27. b5 axb5 28. axb5 Nb8 29. Rd8 Nd7 30. Be3 f5 31. c4 e4 32. fxe4 fxe4 33. Kc3 Ke5 34. g3 Nf6 35. h3 h5 36. Bc5 Rf7 37. Bd6+ Ke6 38. Bf4 Kf5 39. Be3 Ke5 40. Bg5 Re7 41. Bxf6+ Kxf6 42. Kd2 e3+ 43. Ke2 g5 44. Rf8+ Kg6 45. b6 Re6 46. c5 Rc6 47. Rb8 Rxc5 48. Rxb7 Rc2+ 49. Kxe3 Rc3+ 50. Kf2 Rc2+ 51. Kf3 Rc3+ 52. Kf2 Rc2+ 1/2-1/2

[Event "Ostrava Konik op-A"]
[Site "Ostrava"]
[Date "2016.05.01"]
[Round "2"]
[White "Vesselovsky, Serguei"]
[Black "Vesely, Martin"]
[Result "1-0"]
[WhiteElo "2352"]
[BlackElo "2089"]
[PlyCount "50"]
[EventDate "2016.04.30"]
[EventType "swiss"]
[EventRounds "9"]
[EventCountry "CZE"]
[SourceTitle "CBM 172 Extra"]
[Source "ChessBase"]
[SourceDate "2016.06.21"]
[SourceVersion "1"]
[SourceVersionDate "2016.06.21"]
[SourceQuality "1"]

1. e4 c5 2. c3 d5 3. exd5 Qxd5 4. d4 Nc6 5. Nf3 Bg4 6. Be2 e6 7. h3 Bh5 8. c4 Qd8 9. d5 Bxf3 10. Bxf3 exd5 11. Bxd5 Nge7 12. Nc3 Nxd5 13. Nxd5 Be7 14. Bf4 0-0 15. Bc7 Qc8 16. 0-0 Bd8 17. Bd6 Re8 18. Bxc5 Ne5 19. Qd4 b6 20. Rfe1 bxc5 21. Rxe5 Re6 22. Qe4 Bf6 23. Nxf6+ gxf6 24. Rxe6 fxe6 25. Rd1 Rb8 1-0

[Event "CZE-chT1E 1516"]
[Site "Czech Republic"]
[Date "2016.03.20"]
[Round "10.8"]
[White "Novak, Jiri1111"]
[Black "Vesely, Martin"]
[Result "1/2-1/2"]
[WhiteElo "1928"]
[BlackElo "2105"]
[PlyCount "27"]
[EventDate "2015.10.11"]
[EventType "team-tourn"]
[EventRounds "11"]
[EventCountry "CZE"]
[SourceTitle "EXT 2017"]
[Source "ChessBase"]
[SourceDate "2016.10.25"]
[SourceVersion "1"]
[SourceVersionDate "2016.10.25"]
[SourceQuality "1"]
[WhiteTeam "Orlova Slavia"]
[BlackTeam "Ostrava"]
[WhiteTeamCountry "CZE"]
[BlackTeamCountry "CZE"]

1. e4 c5 2. Nf3 Nc6 3. d4 cxd4 4. Nxd4 Nf6 5. Nc3 e5 6. Ndb5 d6 7. Bg5 a6 8. Na3 b5 9. Nd5 Be7 10. Bxf6 Bxf6 11. c3 Bg5 12. Nc2 0-0 13. a4 bxa4 14. Rxa4 1/2-1/2

[Event "CZE-chT1E 1516"]
[Site "Czech Republic"]
[Date "2015.12.13"]
[Round "5.8"]
[White "Horsak, Jan"]
[Black "Vesely, Martin"]
[Result "1/2-1/2"]
[WhiteElo "2033"]
[BlackElo "2105"]
[PlyCount "65"]
[EventDate "2015.10.11"]
[EventType "team-tourn"]
[EventRounds "11"]
[EventCountry "CZE"]
[SourceTitle "EXT 2017"]
[Source "ChessBase"]
[SourceDate "2016.10.25"]
[SourceVersion "1"]
[SourceVersionDate "2016.10.25"]
[SourceQuality "1"]
[WhiteTeam "Stare Mesto"]
[BlackTeam "Ostrava"]
[WhiteTeamCountry "CZE"]
[BlackTeamCountry "CZE"]

1. c4 Nf6 2. Nc3 g6 3. e4 d6 4. d4 Bg7 5. Be2 Nbd7 6. h4 h5 7. Nh3 e5 8. d5 Nc5 9. Ng5 a5 10. Rb1 Qe7 11. f3 b6 12. Be3 Ng8 13. g3 Bh6 14. Qd2 f6 15. Nh3 Bxe3 16. Qxe3 Nh6 17. Nf2 Bd7 18. Bd1 Nf7 19. Nd3 Kf8 20. Nxc5 dxc5 21. Ba4 Bxa4 22. Nxa4 Nd6 23. b3 Kg7 24. Nc3 a4 25. Nxa4 Nxc4 26. Qe2 Na3 27. Rc1 Ra5 28. 0-0 Nb5 29. Rf2 Nd4 30. Qd3 Rha8 31. Nc3 Qd7 32. Kg2 Ra3 33. Qf1 1/2-1/2

[Event "CZE-chT1E 1516"]
[Site "Czech Republic"]
[Date "2015.10.25"]
[Round "2.8"]
[White "Vesely, Martin"]
[Black "Stepan, Patrik"]
[Result "1-0"]
[WhiteElo "2105"]
[BlackElo "1959"]
[PlyCount "67"]
[EventDate "2015.10.11"]
[EventType "team-tourn"]
[EventRounds "11"]
[EventCountry "CZE"]
[SourceTitle "CBM 169 Extra"]
[Source "ChessBase"]
[SourceDate "2015.12.18"]
[SourceVersion "1"]
[SourceVersionDate "2015.12.18"]
[SourceQuality "1"]
[WhiteTeam "Ostrava"]
[BlackTeam "Beskydy Chess School II"]
[WhiteTeamCountry "CZE"]
[BlackTeamCountry "CZE"]

1. d4 Nf6 2. Nf3 e6 3. c4 Bb4+ 4. Nc3 b6 5. Qb3 c5 6. dxc5 bxc5 7. a3 Bxc3+ 8. Qxc3 0-0 9. Bg5 d6 10. Rd1 Ba6 11. e3 Ne4 12. Bxd8 Nxc3 13. Rxd6 Ne4 14. Rd1 Nc6 15. Bc7 Rac8 16. Bf4 Na5 17. Bd3 Nf6 18. Nd2 Rfd8 19. Ke2 Rd7 20. b3 Rcd8 21. Bc2 Kf8 22. Be5 Ke7 23. Bc3 Nb7 24. f3 Nd5 25. Ba1 g6 26. g4 f5 27. g5 Kf7 28. f4 Nd6 29. Nf3 Kf8 30. Ne5 Rc7 31. h4 Ne7 32. h5 Kg8 33. hxg6 Nxg6 34. Nxg6 1-0

[Event "CZE-chT2F 1415"]
[Site "Czech Republic"]
[Date "2015.04.19"]
[Round "11.25"]
[White "Zadrapa, Radek"]
[Black "Vesely, Martin"]
[Result "0-1"]
[WhiteElo "2018"]
[BlackElo "2114"]
[PlyCount "88"]
[EventDate "2014.11.02"]
[EventType "team-tourn"]
[EventRounds "11"]
[EventCountry "CZE"]
[SourceTitle "EXT 2022"]
[Source "ChessBase"]
[SourceDate "2021.10.06"]
[SourceVersion "1"]
[SourceVersionDate "2021.10.06"]
[SourceQuality "1"]
[WhiteTeam "Vsetin"]
[BlackTeam "Ostrava TJ Nova Hut"]
[WhiteTeamCountry "CZE"]
[BlackTeamCountry "CZE"]

1. e4 c5 2. Nf3 Nc6 3. d4 cxd4 4. Nxd4 Nf6 5. Nc3 e5 6. Ndb5 d6 7. Be2 a6 8. Na3 Be7 9. Be3 Be6 10. Bf3 0-0 11. 0-0 Nb4 12. Bg5 Rc8 13. Bxf6 Bxf6 14. Qe2 Qa5 15. Rfd1 Rfd8 16. Nd5 Nxd5 17. exd5 Bd7 18. Be4 g6 19. c3 Bg5 20. g4 Ba4 21. Re1 Rf8 22. Nc4 Qd8 23. Ne3 Bd7 24. Rad1 Bf4 25. Ng2 Bg5 26. Ne3 Kh8 27. Kh1 f5 28. gxf5 gxf5 29. Bc2 Qf6 30. Qh5 e4 31. f3 Bh4 32. Re2 Be8 33. Qxf5 Qxf5 34. Nxf5 Rxf5 35. Rxe4 Rh5 36. Rg4 Bd7 37. Rf4 Bg3 38. Rf7 Rxh2+ 39. Kg1 Be8 40. Bf5 Bxf7 41. Bxc8 Rxb2 42. Be6 Bh5 43. Bg4 Bxg4 44. fxg4 Rxa2 0-1

[Event "CZE-ch"]
[Site "Ostrava"]
[Date "2014.05.01"]
[Round "6"]
[White "Michenka, Jozef"]
[Black "Vesely, Martin"]
[Result "1-0"]
[WhiteElo "2353"]
[BlackElo "2156"]
[PlyCount "81"]
[EventDate "2014.04.26"]
[EventType "swiss"]
[EventRounds "9"]
[EventCountry "CZE"]
[SourceTitle "CBM 160 Extra"]
[Source "ChessBase"]
[SourceDate "2014.07.01"]
[SourceVersion "1"]
[SourceVersionDate "2014.07.01"]
[SourceQuality "1"]

1. d4 Nf6 2. c4 c5 3. d5 b5 4. cxb5 a6 5. bxa6 Bxa6 6. Nc3 d6 7. Nf3 g6 8. e4 Bxf1 9. Kxf1 Bg7 10. g3 0-0 11. Kg2 Nbd7 12. Re1 Ng4 13. Qc2 Qa5 14. Bd2 Rfb8 15. a4 Qb6 16. Nb5 c4 17. Re2 Nc5 18. h3 Ne5 19. Nxe5 Bxe5 20. Be3 Qa5 21. Bxc5 Rxb5 22. axb5 Qxa1 23. Be3 Qa4 24. f4 Bg7 25. Qxa4 Rxa4 26. b6 Rb4 27. e5 Rb5 28. Rc2 dxe5 29. Rxc4 Rxb2+ 30. Kf1 exf4 31. Bxf4 h5 32. Bc7 Bf6 33. Ra4 Kh7 34. Ke1 Kg7 35. Kd1 Kf8 36. Kc1 Rb5 37. Kc2 Bg5 38. Ra3 Rc5+ 39. Rc3 Rb5 40. Rb3 Rc5+ 41. Kd3 1-0

[Event "CZE-ch"]
[Site "Ostrava"]
[Date "2014.04.27"]
[Round "2"]
[White "Vesely, Martin"]
[Black "Holemar, David"]
[Result "0-1"]
[WhiteElo "2156"]
[BlackElo "2269"]
[PlyCount "94"]
[EventDate "2014.04.26"]
[EventType "swiss"]
[EventRounds "9"]
[EventCountry "CZE"]
[SourceTitle "CBM 160 Extra"]
[Source "ChessBase"]
[SourceDate "2014.07.01"]
[SourceVersion "1"]
[SourceVersionDate "2014.07.01"]
[SourceQuality "1"]

1. d4 c5 2. d5 e5 3. e4 d6 4. Bb5+ Bd7 5. a4 a6 6. Bd3 Be7 7. Ne2 Bg4 8. 0-0 Bg5 9. f3 Bxc1 10. Qxc1 Bc8 11. Nd2 Nd7 12. Ng3 Ne7 13. a5 b5 14. axb6 Nxb6 15. Nc4 Nxc4 16. Bxc4 0-0 17. Ra3 Qb6 18. Rb3 Qc7 19. Qd2 f5 20. exf5 Nxf5 21. Nxf5 Bxf5 22. Ra1 Rfb8 23. Rxa6 Rxa6 24. Bxa6 Rxb3 25. cxb3 Qa7 26. Bc4 Qa1+ 27. Kf2 h6 28. h4 Qh1 29. Kg3 Qg1 30. Qf2 Qc1 31. Kh2 Qf4+ 32. g3 Qc1 33. Qe2 Qb1 34. Qd2 e4 35. g4 Bh7 36. f4 h5 37. gxh5 Bf5 38. Qe2 Kh7 39. Qd2 Kh6 40. Be2 Kh7 41. Bb5 Bg4 42. Be8 Bf3 43. Bg6+ Kg8 44. Bf5 Qh1+ 45. Kg3 Qg1+ 46. Kh3 e3 47. Be6+ Kh8 0-1

[Event "CZE-chT2F 1213"]
[Site "Czech Republic"]
[Date "2012.11.04"]
[Round "2.48"]
[White "Vesely, Martin"]
[Black "Vlachopulos, Georgis"]
[Result "1-0"]
[WhiteElo "2154"]
[BlackElo "1981"]
[PlyCount "79"]
[EventDate "2012.10.14"]
[EventType "team-tourn"]
[EventRounds "11"]
[EventCountry "CZE"]
[SourceTitle "EXT 2016"]
[Source "ChessBase"]
[SourceDate "2015.10.08"]
[SourceVersion "1"]
[SourceVersionDate "2015.10.08"]
[SourceQuality "1"]
[WhiteTeam "Ostrava TJ Nova Hut"]
[BlackTeam "Albrechtice"]
[WhiteTeamCountry "CZE"]
[BlackTeamCountry "CZE"]

1. d4 Nf6 2. Nf3 d5 3. c4 c6 4. Nc3 e6 5. e3 Bb4 6. Bd3 0-0 7. 0-0 h6 8. Ne5 Nbd7 9. f4 dxc4 10. Bxc4 Bxc3 11. bxc3 Ne4 12. Qc2 Nxe5 13. fxe5 f5 14. exf6 Nxf6 15. Ba3 Rf7 16. Qg6 Qa5 17. Rxf6 Rxf6 18. Qe8+ Kh7 19. Bd3+ Rf5 20. Bb4 Qc7 21. g4 c5 22. gxf5 exf5 23. Bxc5 b6 24. Qe7 Qc6 25. Bd6 Bb7 26. Bxf5+ Kh8 27. e4 Qxc3 28. Qxb7 Qxa1+ 29. Kg2 Qxa2+ 30. Kh3 Rg8 31. Be5 Qf2 32. Qxa7 Qe3+ 33. Kg4 Qe2+ 34. Kh4 Qf2+ 35. Kh5 Qg2 36. Qe7 b5 37. d5 b4 38. d6 Qe2+ 39. Bg4 Qe3 40. d7 1-0

[Event "Ostrava Konik op-A"]
[Site "Ostrava"]
[Date "2012.05.02"]
[Round "5"]
[White "Snajdr, Tomas"]
[Black "Vesely, Martin"]
[Result "0-1"]
[WhiteElo "1968"]
[BlackElo "2196"]
[PlyCount "56"]
[EventDate "2012.04.28"]
[EventType "swiss"]
[EventRounds "9"]
[EventCountry "CZE"]
[SourceTitle "CBM 148 Extra"]
[Source "ChessBase"]
[SourceDate "2012.06.22"]
[SourceVersion "1"]
[SourceVersionDate "2012.06.22"]
[SourceQuality "1"]

1. c4 e5 2. g3 f5 3. d3 Nf6 4. Bg2 c6 5. Nf3 d6 6. Nc3 Be7 7. Rb1 0-0 8. 0-0 a5 9. a3 Na6 10. b4 axb4 11. axb4 Nc7 12. b5 Bd7 13. Qb3 Kh8 14. Bb2 Ne6 15. Ra1 f4 16. Rxa8 Qxa8 17. Ba3 fxg3 18. hxg3 Ng4 19. Ne4 c5 20. Bc1 h6 21. Qa3 Qe8 22. Qa7 Qh5 23. Rd1 Bc8 24. Qb6 Nd4 25. Rd2 Rxf3 26. exf3 Nh2 27. Qc7 Nhxf3+ 28. Kf1 Bh3 0-1

[Event "Ostrava Konik op-A"]
[Site "Ostrava"]
[Date "2012.04.30"]
[Round "3"]
[White "Kolar, Stanislav"]
[Black "Vesely, Martin"]
[Result "1-0"]
[WhiteElo "2061"]
[BlackElo "2196"]
[PlyCount "89"]
[EventDate "2012.04.28"]
[EventType "swiss"]
[EventRounds "9"]
[EventCountry "CZE"]
[SourceTitle "CBM 148 Extra"]
[Source "ChessBase"]
[SourceDate "2012.06.22"]
[SourceVersion "1"]
[SourceVersionDate "2012.06.22"]
[SourceQuality "1"]

1. e4 c5 2. Nf3 Nc6 3. Nc3 d6 4. Bc4 e6 5. 0-0 Be7 6. d4 a6 7. d5 Na5 8. Be2 e5 9. a4 Nf6 10. h3 0-0 11. Bg5 Nxd5 12. Nxd5 Bxg5 13. Nxg5 Qxg5 14. Bg4 Bxg4 15. Qxg4 Qxg4 16. hxg4 Nc6 17. Nb6 Rad8 18. Rfd1 Rfe8 19. Rd2 Re6 20. Ra3 Kf8 21. Rh3 h6 22. c3 Rg6 23. f3 Ke8 24. Kf2 Ne7 25. Rh1 Nc8 26. Nd5 Kd7 27. b4 cxb4 28. cxb4 Ne7 29. Nb6+ Kc7 30. a5 Nc6 31. Rc1 Rh8 32. Rdc2 h5 33. gxh5 Rxh5 34. b5 axb5 35. Nd5+ Kb8 36. a6 Rh2 37. Ne3 Na5 38. Rc8+ Ka7 39. axb7 Nxb7 40. Ra1+ Na5 41. Rxa5+ Kb6 42. Nd5+ Kb7 43. Rc7+ Kb8 44. Rxb5+ Ka8 45. Ne3 1-0